000 00366cam a22001217a 4500
008 180718b1963 xxu||||| |||| 00| 0 eng d
082 _aT19x5442 C452e
100 _aChoksey, R.D.
245 _aEconomic life in the Bombay Karnataka (1818-1939)
_cby R.D. Choksey
260 _aBombay
_bAsia
_c1963
300 _a212p.
650 _aBombay (Karnatak) - Economic Conditions
999 _c362289
_d362289